| 000 | 01161cam a2200217 4500 | ||
|---|---|---|---|
| 001 | 5765 | ||
| 005 | 20181127180204.0 | ||
| 008 | 100105s2010 ii a b 001 0 eng d | ||
| 010 | _a 2010319852 | ||
| 020 | _a9789378314070 | ||
| 100 | 0 | _aAmar Farooqui. | |
| 245 | 1 | 0 |
_aEarly social formations / _cAmar Farooqui. |
| 260 |
_aNew Delhi : _bOxford University Press, _c2010. |
||
| 300 |
_axiv, 354 p. : _c23 cm. |
||
| 504 | _aIncludes bibliographical references and indexes. | ||
| 505 |
_aHuman Evolution -- Paleolithic Age -- Neolithic Age -- The Beginnings of Civilization and Bronze Age Mesopotamia -- Early Egyptian Civilization -- From Bronze Age to Iron Age: Anatolia and Greece -- Archaic and Classical Greece -- Ancient Rome (I) -- Ancient Rome (II) -- Ancient Rome: Crisis and Decline -- The Arabs, Islam, and the Early Abbasid Caliphate -- Early Medieval West Asia -- Germanic Invasions and After: Origins of Medieval Europe -- Feudalism in the Roman Empire. _g _r _t |
||
| 520 | _aWith reference to Tamil Nadu and Kerala, India. | ||
| 650 |
_aCivilization -- History. _v _x _y _z _2 |
||
| 650 |
_aSocial history. _v _x _y _z _2 |
||
| 650 | 0 | _aSocial change | |
| 999 |
_c4866 _d4866 |
||